00829nab a22002057a 4500999001500000003000400015005001700019008004100036040000700077100003400084245012800118260004200246300001300288500003700301505008900338650002600427650003400453773012300487942001300610 c6395d6395OSt20260201174117.0190506c xxu||||| |||| 00| 0 spa d cPJ 97034aMachado, Romina Mariel 10aTrabajadores de plataforma. ¿Reales prestadores de servicio o relaciones salariales encubiertas? /cRomina Mariel Machado. aBuenos Aires :bAbeledoPerrot,c2023. ap. 11-14 aCita: TR LALEY AR/DOC/2210/2023  t¿Te interesa el texto completo? Comunicate al correo: koha@justierradelfuego.gov.ar 091316aDERECHO LABORAL 091570aDERECHOS DEL TRABAJADOR0 0275193202dBuenos Aires : AbeledoPerrot, 2013-tRevista de derecho laboral y seguridad social. Nº 20 - Octubre 2023 2udccANA